| 000 | 00560nam a22001697a 4500 | ||
|---|---|---|---|
| 003 | SGT | ||
| 020 | _a9789350715208 | ||
| 082 | _a658.153, SIN | ||
| 100 | _aDR. SINGHANIA K. VINOD | ||
| 245 | _aCORPORATE TAX PLANNING & BUSINESS TAX PROCEDURES WITH CASE STUDIES | ||
| 250 | _a18TH | ||
| 260 |
_aNEW DELHI _bTAXMANN _c2014 |
||
| 300 | _a474 | ||
| 650 | _aTAX INCOME | ||
| 653 | _aINCOME -TAX LAW IN BRIEF, CORPORATE TAX PLANNING, TAX PLANNING WITH REFERENCE TO SPECIFIC BUSINESS DECISIONS, NON - RESIDENT, BUSINESS RESTRUCTURING, | ||
| 942 |
_2ddc _cFCM _02 |
||
| 999 |
_c9187 _d9187 |
||